000 01913cam a22005054i 4500
003 PE-LiUPU
005 20250731173511.0
008 150616s r 000 0 d
020 _a0809134616
035 _a(Sirsi) i9780809134618
040 _aPE-LiUPU
_bspa
_cPE-LiUPU
_erda
049 _aPRUA
082 0 4 _b
_221
100 1 _aViladesau, Richard,
_eautor.
245 1 0 _aWorld Religions: A Sourcebook for Students of Christian theology.
264 1 _aNew York :
_bPaulist Press,
_c1994.
300 _a276 páginas ;
_c23 centímetros
336 _atext
_2rdacontent
337 _aunmediated
_2rdamedia
338 _avolume
_2rdacarrier
505 0 _aThe church and other believers.- Hinduism.- Buddhism.- Confucianism and taoism.- Zoroastrianism.- Post-classical judaism.- Islam.
526 _aSEG42
526 _aSEG41
526 _aSEG40
526 _aSEG39
526 _aP94
526 _aP87
526 _aP86
526 _aP85
526 _aP77
526 _aP76
526 _aP35
650 0 4 _aRELIGIONES - ESTUDIO.
700 1 _aMark Massa, S.J.
910 _ajck
_bjvq
_cjck
942 _2ddc
_cBOOK
949 _a291 V65 E2
_wDEWEY
_c1
_i40159
_lCCODEBUL1
_mBUL
_r0
_sY
_tBOOK
_u2015-4-23
_xTEOLOGIA
_zUNKNOWN
_0COMPRA
_o.STAFF. Colección General
949 _a291 V65 E2
_wDEWEY
_c2
_i41247
_lCCODEBUL1
_mBUL
_r0
_sY
_tBOOK
_u2015-6-16
_xTEOLOGIA
_zUNKNOWN
_0COMPRA
_o.STAFF. Colección General
994 _aC0
_bPEPRU
596 _a1
999 _a291 V65 E2
_wDEWEY
_c58910
_i40159
_f2021-11-11
_g5
_lCCODEBUL1
_mBUL
_r0
_sY
_tBOOK
_u2015-4-23
_xTEOLOGIA
_zUNKNOWN
_0COMPRA
_o.STAFF. Colección General
_d58910
999 _a291 V65 E2
_wDEWEY
_c2
_i41247
_f2021-11-11
_g5
_lCCODEBUL1
_mBUL
_r0
_sY
_tBOOK
_u2015-6-16
_xTEOLOGIA
_zUNKNOWN
_0COMPRA
_o.STAFF. Colección General
980 _81
_gALBERTO SANCHEZ Responsable de Automatización